000 01044 a2200217 4500
999 _c6797
_d6797
020 _a0471754196 (pbk.)
050 0 0 _aHD62.6 JAC 2006
100 1 _aJackson, Peggy M.
_eauthor
245 1 0 _aSarbanes-Oxley and nonprofit management :
_bskills, techniques, methods /
_cPeggy M. Jackson, Toni E. Fogarty.
264 _aNew York:
_bJohn WILEY AND SONS,
_c2006
300 _axi, 324 p. ;
500 _aIncludes and index.
504 _aIncludes bibliographical references (p. 299-309) and index.
650 0 _aNonprofit organizations
_xManagement.
700 1 _aFogarty, Toni E.
_eauthor
856 4 1 _3Table of contents only
_uhttp://www.loc.gov/catdir/toc/fy0608/2006296352.html
856 4 2 _3Publisher description
_uhttp://www.loc.gov/catdir/enhancements/fy0645/2006296352-d.html
856 4 2 _3Contributor biographical information
_uhttp://www.loc.gov/catdir/enhancements/fy0658/2006296352-b.html
942 _2lcc
_cBK
_h62.6
_iJAC
_kHD